00955nam a2200265Ia 450000500170000000800410001702000180005805000250007610000450010124500710014625000180021726000310023530000190026633600100028533700140029533800140030950400540032351900660037765000410044365000400048465000400052494200070056495201010057199900170067220231102151913.0120626s 2012mx a 000 0 spa d a9789681863869 aHF5549.5C3bS53 2012 941149aSilíceo Aguilar, Alfonsoeautor aCapacitación y desarrollo de personalc/ Alfonso Siliceo Aguilar a4a edición. aMéxicob: Limusac, 2012 a246 páginas. atexto asin medio aVolúmen aIncluye referencias bibliográficas (p. 245-246) aPlan Flexible /bPsicologia /cComplementario /d(19 0001265) aEmpleados y Capacitación 919439 aSupervisión de empleados. 919440 a Administración de personal91157 cLB 00104070a19b19d2016-03-02l0oHF5549.5C3 S53 2006p19 001265r2016-03-02t1w2016-03-02yLB c99009d99009